Technological change : An introduction to a vital area of modern economics
One The Economics of Technological Change; Two Technological Change and Productivity Growth,...
Na minha lista:
| Autor principal: | |
|---|---|
| Formato: | Livro |
| Idioma: | Undetermined |
| Publicado em: |
New York
Norton
1971
|
| Assuntos: | |
| Tags: |
Adicionar Tag
Sem tags, seja o primeiro a adicionar uma tag!
|
| Thư viện lưu trữ: | Trung tâm Học liệu Trường Đại học Cần Thơ |
|---|
| LEADER | 00729nam a2200217Ia 4500 | ||
|---|---|---|---|
| 001 | CTU_226267 | ||
| 008 | 210402s9999 xx 000 0 und d | ||
| 082 | |a 338.060973 | ||
| 082 | |b M287 | ||
| 100 | |a Mansfield, Edwin | ||
| 245 | 0 | |a Technological change : | |
| 245 | 3 | |b An introduction to a vital area of modern economics | |
| 245 | 0 | |c Edwin Mansfield | |
| 260 | |a New York | ||
| 260 | |b Norton | ||
| 260 | |c 1971 | ||
| 520 | |a One The Economics of Technological Change; Two Technological Change and Productivity Growth,... | ||
| 650 | |a Đổi mới công nghệ,Technological innovations | ||
| 650 | |z Hoa Kỳ,United States | ||
| 910 | |b nthai | ||
| 980 | |a Trung tâm Học liệu Trường Đại học Cần Thơ | ||